000 00280nam a22000977a 4500
999 _c11658
_d11658
008 191119b ||||| |||| 00| 0 eng d
020 _a9789332421745
100 _aMohan Vivek
_97360
245 _aAkbar-Birbal (A Collection of Witty Tales)
260 _aNew Delhi
_bPaperclip Books
_c2019